North Star. High Intermediate: Focus Reading and Writing

গ্রন্থ-পঞ্জীর বিবরন
প্রধান লেখক: English A. K. Andrew K.
অন্যান্য লেখক: English L. M. Laura Monahon
ভাষা:ইংরেজি
প্রকাশিত: Longman, 1998
বিষয়গুলি:
বিন্যাস: MixedMaterials গ্রন্থ
KOHA link:https://koha.lib.tpu.ru/cgi-bin/koha/opac-detail.pl?biblionumber=27008

MARC

LEADER 00000nam0a2200000 4500
001 27008
005 20231101205750.0
010 |a 0201846691 
035 |a (RuTPU)RU\TPU\book\27254 
035 |a BOOK00027329 
090 |a 27008 
100 |a 20011209d1998 m y0engy50 ba 
101 0 |a eng 
102 |a GB 
105 |a y j 000zy 
200 1 |a North Star. High Intermediate  |e Focus Reading and Writing  |f A. K. English, L. M. English 
210 |c Longman  |d 1998 
215 |a 274 p. 
606 1 |a Английский язык  |x Учебные руководства и пособия  |x Пособия по развитию речи, разговорники  |2 stltpush  |3 (RuTPU)RU\TPU\subj\29074  |9 52486 
610 1 |a лексика 
610 1 |a разговорная речь 
610 1 |a устная речь 
610 1 |a письмо 
610 1 |a упражнения 
610 1 |a чтение 
686 |a Ш143.21-923.4  |v LBC/SL-A  |2 rubbk 
700 1 |a English  |b A. K.  |g Andrew K. 
701 1 |a English  |b L. M.  |g Laura Monahon 
801 0 |a RU  |b 63413507  |c 20011209  |g PSBO 
801 2 |a RU  |b 63413507  |c 20230628  |g PSBO 
942 |c BK